Listy z KL Dachau Wiktora Jacewicza SDB / (Rekord nr 27839)
| 000 -Nagłówek | |
|---|---|
| fixed length control field | 02928cam a2200637 i 4500 |
| 001 - Nr kontrolny bibl., która utworzyła rek. | |
| control field | xx004960142 |
| 003 - Siglum bibl., której nr kontr. jest w 001 | |
| control field | NUKAT |
| 005 - Data i czas ostatniej operacji | |
| control field | 20260428124426.0 |
| 008 - Elementy pola stałej długości | |
| fixed length control field | 201002s2020 pl a g |001 0dpol c |
| 020 ## - ISBN | |
| ISBN | 9788380989481 |
| dopowiedzenie | (oprawa twarda) : |
| warunki dostępności | zł 35.00 |
| 035 ## - Systemowy numer kontrolny | |
| systemowy numer kontrolny | (OCoLC)1199641117 |
| 035 ## - Systemowy numer kontrolny | |
| systemowy numer kontrolny | (NUKAT)xx004960142 |
| 040 ## - Instytucja sporządzająca opis | |
| Instytucja, która sporządziła opis | SIEDL 001/WS |
| język katalgowania-trzyzn. kod | pol |
| zasady opisu | rda |
| Instytucja, która sporządziła rekord | SIEDL 001/WS |
| Instytucja, która zmodyfikowała rekord | GD U/MJs |
| -- | OLSZT 008/bak |
| 045 2# - Okres czasu dla zawartości | |
| czas między r. 9999 pne a nasz. czas. | d1941 |
| -- | d1945 |
| 046 ## - Kod rodz. daty, data1, data2 (daty pne) | |
| Begin/single date | 2020 |
| 100 1# - Hasło główne-nazwa osobowa | |
| Nazwa osobowa | Jacewicz, Wiktor. |
| rodzaj współpracy | Autor |
| 9 (RLIN) | 40786 |
| 245 10 - Tytuł właściwy i oznaczenie odpow. | |
| tytuł | Listy z KL Dachau Wiktora Jacewicza SDB / |
| dod. inf. ze s. tyt./ozn. odpow. | pod redakcją Jarosława Wąsowicza ; opracowanie dokumentów Jacek Brakowski, Krzysztof Kolasa, Rafał Sierchuła, Jarosław Wąsowicz ; Instytut Pamięci Narodowej. Komisja Ścigania Zbrodni przeciwko Narodowi Polskiemu. Oddział w Poznaniu. |
| 260 ## - Adres wydawniczy | |
| miejsce wydania, dystrybucji itp. | Poznań : |
| nazwa wydawcy, dystrybutora itp. | Instytut Pamięci Narodowej, |
| data wydania, dystrybucji itp. | 2020. |
| 300 ## - Opis fizyczny | |
| objętość i/lub forma materiału | 232 strony, [15] stron tablic ; |
| format | 25 cm. |
| 336 ## - Content Type | |
| Term | Tekst |
| Code | txt |
| Source | rdacontent |
| 337 ## - Media Type | |
| Term | Bez urządzenia pośredniczącego |
| Code | n |
| Source | rdamedia |
| 338 ## - Carrier Type | |
| Term | Wolumin |
| Code | nc |
| Source | rdacarrier |
| 380 ## - Form of work | |
| Form of work | Książki |
| 380 ## - Form of work | |
| Form of work | Literatura faktu, eseje, publicystyka |
| 380 ## - Form of work | |
| Form of work | Publikacje naukowe |
| 386 ## - Creator/Contributor Characteristics | |
| Demographic group term | Przynależność kulturowa |
| Creator/contributor term | Literatura polska |
| 388 1# - TIME PERIOD OF CREATION | |
| Time period of creation term | 2001- |
| 490 1# - Tytuł serii i ks. wielotom.-nie do wysz. | |
| oznaczenie serii | Studia i Materiały Poznańskiego IPN ; |
| numer woluminu | t. 48 |
| 490 1# - Tytuł serii i ks. wielotom.-nie do wysz. | |
| oznaczenie serii | Centralny Projekt Badawczy IPN Losy Polski i jej Obywateli w Latach II Wojny Światowej |
| 504 ## - Uwaga o bibliografii | |
| uwaga o bibliografii | Bibliografia, netografia na stronach 215-225. Indeks. |
| 600 17 - Hasło przedmiotowe-nazwa osobowa | |
| nazwa osobowa | Jacewicz, Stanisława |
| daty biograficzne | (1905-1987) |
| źródło hasła | DBN |
| 9 (RLIN) | 40790 |
| 600 17 - Hasło przedmiotowe-nazwa osobowa | |
| nazwa osobowa | Jacewicz, Wiktor |
| daty biograficzne | (1909-1985) |
| źródło hasła | DBN |
| 9 (RLIN) | 40786 |
| 600 17 - Hasło przedmiotowe-nazwa osobowa | |
| nazwa osobowa | Jacewicz, Wiktor |
| określnik formy | korespondencja. |
| źródło hasła | kaba |
| 9 (RLIN) | 40786 |
| 610 27 - Hasło przedmiotowe-nazwa ciała zbior. | |
| nazwa ciała zbior. lub geogr. | Dachau (niemiecki obóz koncentracyjny) |
| źródło hasła | DBN |
| 9 (RLIN) | 40664 |
| 610 27 - Hasło przedmiotowe-nazwa ciała zbior. | |
| nazwa ciała zbior. lub geogr. | Salezjanie |
| źródło hasła | DBN |
| 9 (RLIN) | 40791 |
| 648 #7 - SUBJECT ADDED ENTRY--CHRONOLOGICAL TERM | |
| Chronological term | 1901-2000 |
| Source of heading or term | DBN |
| 9 (RLIN) | 34996 |
| 648 #7 - SUBJECT ADDED ENTRY--CHRONOLOGICAL TERM | |
| Chronological term | 1939-1945 |
| Source of heading or term | DBN |
| 9 (RLIN) | 36042 |
| 650 #7 - Hasło przedmiotowe-nazwa pospolita | |
| nazwa pospolita lub geogr. | Duchowieństwo katolickie |
| źródło hasła | DBN |
| 9 (RLIN) | 35375 |
| 650 #7 - Hasło przedmiotowe-nazwa pospolita | |
| nazwa pospolita lub geogr. | Więźniowie obozów |
| źródło hasła | DBN |
| 9 (RLIN) | 36983 |
| 651 #7 - Hasło przedmiotowe-nazwa geogr. | |
| nazwa geograficzna | Polska |
| źródło hasła | DBN |
| 9 (RLIN) | 35076 |
| 651 #7 - Hasło przedmiotowe-nazwa geogr. | |
| nazwa geograficzna | Dachau (Niemcy ; obóz koncentracyjny) |
| określnik formy | relacje osobiste. |
| źródło hasła | kaba |
| 9 (RLIN) | 32271 |
| 655 #7 - Termin określający rodzaj/formę | |
| rodzaj/forma | Edycja krytyczna |
| źródło terminu | DBN |
| 9 (RLIN) | 35006 |
| 655 #7 - Termin określający rodzaj/formę | |
| rodzaj/forma | Listy |
| źródło terminu | DBN |
| 9 (RLIN) | 37131 |
| 655 #7 - Termin określający rodzaj/formę | |
| rodzaj/forma | Praca zbiorowa |
| źródło terminu | DBN |
| 9 (RLIN) | 35107 |
| 655 #7 - Termin określający rodzaj/formę | |
| rodzaj/forma | Wydawnictwo źródłowe |
| źródło terminu | DBN |
| 9 (RLIN) | 35066 |
| 658 ## - Nazwa określająca cel programu nauczania | |
| główny cel programu nauczania | Historia |
| 700 1# - Hasło dodatkowe - nazwa osobowa | |
| nazwa osobowa | Wąsowicz, Jarosław |
| daty biograficzne | (1973- ). |
| rodzaj współpracy | Redakcja |
| 9 (RLIN) | 40787 |
| 700 1# - Hasło dodatkowe - nazwa osobowa | |
| nazwa osobowa | Brakowski, Jacek |
| daty biograficzne | (1971- ). |
| rodzaj współpracy | Redakcja |
| 9 (RLIN) | 40788 |
| 700 1# - Hasło dodatkowe - nazwa osobowa | |
| nazwa osobowa | Kolasa, Krzysztof |
| daty biograficzne | (1973- ). |
| rodzaj współpracy | Redakcja |
| 9 (RLIN) | 40789 |
| 700 1# - Hasło dodatkowe - nazwa osobowa | |
| nazwa osobowa | Sierchuła, Rafał |
| daty biograficzne | (1968- ). |
| rodzaj współpracy | Redakcja |
| 9 (RLIN) | 18352 |
| 710 2# - Hasło dodatkowe - nazwa ciała zbior. | |
| nazwa ciała zbior. lub nazwa geogr. | Instytut Pamięci Narodowej - Komisja Ścigania Zbrodni przeciwko Narodowi Polskiemu. |
| nazwa jednostki podrzędnej | Oddział (Poznań). |
| rodzaj współpracy | Instytucja sprawcza |
| -- | Wydawca |
| kod rodzaju współpracy | pbl |
| 9 (RLIN) | 14052 |
| 830 #0 - Hasło dod. serii i op. ks. wielotom. -tyt | |
| tytuł | Studia i Materiały Poznańskiego IPN |
| oznaczenie tomu | t. 48 |
| 9 (RLIN) | 14053 |
| 830 #0 - Hasło dod. serii i op. ks. wielotom. -tyt | |
| tytuł | Losy Polski i jej Obywateli w Latach II Wojny Światowej |
| 9 (RLIN) | 39936 |
| 920 ## - ISBN | |
| ISBN | 978-83-8098-948-1 (oprawa twarda) : zł 35.00 |
| 942 ## - ADDED ENTRY ELEMENTS (KOHA) | |
| Source of classification or shelving scheme | Dewey Decimal Classification |
| Koha item type | pozycje dostępne na miejscu |
| Status wycofania | Status zagubienia | Klasyfikacja | Status uszkodzenia | Blokada wypożyczeń | Kolekcja | Lokalizacja macierzysta | Lokalizacja bieżąca | Data nabycia | Numer akcesji | Źródło akcesji | Cena | Nr inwentarzowy | il. wypożyczeń | Sygnatura | Kod kreskowy | Date last seen | Price effective from | Typ egz. |
|---|---|---|---|---|---|---|---|---|---|---|---|---|---|---|---|---|---|---|
| Dewey Decimal Classification | nieuszkodzona | książka w magazynie | Biblioteka Instytutu Północnego w Olsztynie | Biblioteka Instytutu Północnego w Olsztynie | 30/11/2020 | D-36/2020 | dar | 35.00 | 59957 | 59957 | IPWK24061 | 28/04/2026 | 28/04/2026 | pozycje dostępne na miejscu |